[Event "Confrontation III 1989-90"]
[Site "Longueuil CAN"]
[Date "1989.12.22"]
[Round "5"]
[White "Charest, Johanne"]
[Black "Stavrinidis, Sebastien"]
[Result "0-1"]
[WhiteElo "1616"]
[BlackElo "1491"]
[PlyCount "114"]
[GameId "2160767912494179"]
[EventDate "1989.11.24"]
[EventType "swiss"]
[EventRounds "5"]
[EventCountry "CAN"]

1. e4 c5 2. Nf3 d6 3. d4 cxd4 4. Nxd4 Nf6 5. Nc3 g6 6. Be2 Bg7 7. Be3 O-O 8. f4 Nc6 9. Qd2 Ng4 10. Bxg4 Bxg4 11. h3 Bd7 12. g4 Na5 13. Qd3 Rc8 14. Rb1 Nc4 15. Bf2 Qa5 16. Nb3 Qc7 17. Nd5 Qd8 18. Bd4 Bxd4 19. Qxd4 Nb6 20. Ne3 Bc6 21. h4 d5 22. e5 e6 23. f5 Nc4 24. f6 Qb6 25. Nc5 h6 26. b4 Nxe3 27. Qxe3 Kh7 28. h5 g5 29. Qd3+ Kh8 30. Rb3 Bb5 31. Qd4 a5 32. a3 axb4 33. axb4 Bc4 34. Rb2 Qb5 35. Qf2 b6 36. Nxe6 d4 37. Nxf8 Qxe5+ 38. Kd1 d3 39. cxd3 Bb3+ 40. Rxb3 Qa1+ 41. Kd2 Qxh1 42. Qe1 Rc2+ 43. Kxc2 Qxe1 44. Nd7 Qe6 45. Nxb6 Qxb6 46. b5 Kg8 47. Rb4 Kf8 48. Kc3 Qxf6+ 49. Kc4 Qb6 50. d4 Ke7 51. d5 Kd6 52. Kd3 Kxd5 53. Kc3 Qe3+ 54. Kc2 Kc5 55. Rb2 Kb6 56. Rb3 Qe4+ 57. Kc3 Qxg4 0-1

[Event "Confrontation IV 1988-89"]
[Site "Longueuil CAN"]
[Date "1989.01.13"]
[Round "1"]
[White "Charest, Johanne"]
[Black "Jette, Georges"]
[Result "1-0"]
[WhiteElo "1559"]
[BlackElo "1766"]
[PlyCount "41"]
[GameId "2160767912519829"]
[EventDate "1989.01.13"]
[EventType "tourn"]
[EventRounds "5"]
[EventCountry "CAN"]

1. e4 e6 2. d4 d5 3. e5 c5 4. c3 Nc6 5. Nf3 Qb6 6. Bd3 Bd7 7. Bc2 Nge7 8. O-O cxd4 9. cxd4 h6 10. Nc3 g5 11. h3 Bg7 12. Re1 f5 13. exf6 Bxf6 14. Na4 Qc7 15. Nc5 e5 16. dxe5 Nxe5 17. Nxd7 Nxd7 18. Nd4 Bxd4 19. Qxd4 O-O-O 20. Rxe7 Qxc2 21. Be3 1-0

[Event "Confrontation IV 1988-89"]
[Site "Longueuil CAN"]
[Date "1989.01.13"]
[Round "1"]
[White "Lavoie, Denis"]
[Black "Morin, Louis"]
[Result "1/2-1/2"]
[WhiteElo "1630"]
[BlackElo "1920"]
[PlyCount "96"]
[GameId "2160767912519830"]
[EventDate "1989.01.13"]
[EventType "tourn"]
[EventRounds "5"]
[EventCountry "CAN"]
[SourceTitle "hb 2013"]

1. d4 d5 2. c4 e6 3. Nc3 c5 4. cxd5 exd5 5. Nf3 Nc6 6. g3 Nf6 7. Bg2 Be7 8. O-O O-O 9. dxc5 Bxc5 10. e3 Bg4 11. h3 Be6 12. b3 Qd7 13. Kh2 Rfd8 14. Bb2 Qe7 15. Nb5 Ne4 16. Qe2 Rac8 17. Rfd1 Bf5 18. Nbd4 Nxd4 19. Nxd4 Bxd4 20. Bxd4 Nc3 21. Bxc3 Rxc3 22. Bxd5 Rc2 23. Qf3 Bg6 24. Bxb7 Rdd2 25. Rxd2 Rxd2 26. Rd1 Rxa2 27. Qd5 h6 28. Qd8+ Qxd8 29. Rxd8+ Kh7 30. Kg2 Bc2 31. Bd5 f6 32. Re8 Rb2 33. Re7 a5 34. Ra7 Bxb3 35. Bxb3 Rxb3 36. Rxa5 Rb7 37. h4 g5 38. hxg5 hxg5 39. g4 Kg6 40. Ra3 Rb4 41. Kg3 Rc4 42. f4 gxf4+ 43. exf4 Rc5 44. Ra7 f5 45. Ra6+ Kg7 46. gxf5 Rxf5 47. Kg4 Rf6 48. Ra7+ Kg6 1/2-1/2

[Event "Confrontation IV 1988-89"]
[Site "Longueuil CAN"]
[Date "1989.01.20"]
[Round "2"]
[White "Bergeron, Marc"]
[Black "Charest, Johanne"]
[Result "1-0"]
[WhiteElo "1860"]
[BlackElo "1559"]
[PlyCount "111"]
[GameId "2160767912519831"]
[EventDate "1989.01.13"]
[EventType "tourn"]
[EventRounds "5"]
[EventCountry "CAN"]

1. d4 d5 2. c4 c6 3. Nf3 Nf6 4. cxd5 cxd5 5. Nc3 Bg4 6. Ne5 Bf5 7. Qb3 b6 8. e4 Bd7 9. Nxd5 e6 10. Nxf6+ Qxf6 11. Bb5 Qd8 12. Qa4 a6 13. Bxd7+ Nxd7 14. Qxd7+ Qxd7 15. Nxd7 Kxd7 16. Be3 Rc8 17. Kd2 Bb4+ 18. Kd3 Rc7 19. Rhc1 Rhc8 20. Rxc7+ Rxc7 21. Rc1 Rxc1 22. Bxc1 b5 23. Bd2 Be7 24. Kc3 Kc6 25. Kb3 Bf6 26. Kc3 Be7 27. g4 h6 28. f4 g6 29. Kd3 f5 30. gxf5 gxf5 31. d5+ exd5 32. exf5 h5 33. Bc3 Bf8 34. f6 b4 35. Bd2 a5 36. b3 Kd6 37. Kd4 Ke6 38. Be3 Bd6 39. f7 Be7 40. f5+ Kxf7 41. Kxd5 Kf6 42. Ke4 Bd8 43. h3 Bc7 44. Bc5 h4 45. Bd4+ Kg5 46. f6 Kg6 47. Kf3 Bd8 48. Kg4 Bc7 49. Kxh4 Bd8 50. Kg4 Bc7 51. h4 Bd6 52. h5+ Kf7 53. Kf5 Bc7 54. h6 Kg8 55. Kg6 Bd6 56. h7+ 1-0

[Event "Confrontation IV 1988-89"]
[Site "Longueuil CAN"]
[Date "1989.01.27"]
[Round "3"]
[White "Charest, Johanne"]
[Black "Arsenault, Nicolas"]
[Result "0-1"]
[WhiteElo "1559"]
[BlackElo "1685"]
[PlyCount "96"]
[GameId "2160767912519832"]
[EventDate "1989.01.13"]
[EventType "tourn"]
[EventRounds "5"]
[EventCountry "CAN"]

1. e4 e5 2. Nf3 Nc6 3. Bc4 Bc5 4. c3 d6 5. d4 exd4 6. cxd4 Bb4+ 7. Bd2 Nf6 8. Bxb4 Nxb4 9. Qb3 d5 10. Qxb4 dxc4 11. Nc3 Qe7 12. Qxc4 Nxe4 13. O-O Nd6 14. Qc5 O-O 15. Rfe1 Qd8 16. Qh5 Bf5 17. Nh4 Bd7 18. Nd5 Re8 19. Rxe8+ Nxe8 20. Re1 Be6 21. Nf4 Bxa2 22. Nf5 Nf6 23. Qg5 Qf8 24. h4 a6 25. h5 Re8 26. Rc1 Ne4 27. Qg4 c6 28. f3 Nd6 29. Nh4 Be6 30. Qg3 Nf5 31. Nxf5 Bxf5 32. Qg5 Bc8 33. h6 f6 34. Qg3 g5 35. Nh5 Qxh6 36. Qh2 Kh8 37. g4 f5 38. Qg3 f4 39. Qf2 Qe6 40. Kf1 Qe3 41. Qc2 Qxf3+ 42. Qf2 Qh3+ 43. Qg2 Qxg2+ 44. Kxg2 Re2+ 45. Kf3 Rxb2 46. Re1 Rb3+ 47. Kf2 Re3 48. Rh1 Re6 0-1

[Event "Confrontation IV 1988-89"]
[Site "Longueuil CAN"]
[Date "1989.01.27"]
[Round "3"]
[White "Letourneau, Jean"]
[Black "Morin, Louis"]
[Result "1-0"]
[WhiteElo "1722"]
[BlackElo "1920"]
[PlyCount "77"]
[GameId "2160767912519833"]
[EventDate "1989.01.13"]
[EventType "tourn"]
[EventRounds "5"]
[EventCountry "CAN"]
[SourceTitle "hb 2013"]

1. e4 e5 2. Bc4 Nf6 3. d3 c6 4. Bb3 d5 5. exd5 cxd5 6. Nf3 Nc6 7. Nc3 Bb4 8. O-O O-O 9. Bg5 Bxc3 10. bxc3 Bg4 11. h3 Bh5 12. Bxf6 gxf6 13. g4 Bg6 14. Nh4 a5 15. a4 d4 16. f4 exf4 17. Rxf4 dxc3 18. Qf1 Nd4 19. Rb1 Ra6 20. Qf2 Rd6 21. Bc4 b6 22. Nf3 Ne6 23. Bxe6 fxe6 24. Rc4 e5 25. Nh4 Bxd3 26. cxd3 Rxd3 27. Qc2 Rxh3 28. Nf5 Rf7 29. Rxc3 Rxc3 30. Qxc3 Rd7 31. Qb3+ Kh8 32. Nh6 Qf8 33. Rc1 Rg7 34. Qe6 Re7 35. Qxe7 Qxe7 36. Rc8+ Kg7 37. Nf5+ Kf7 38. Nxe7 Kxe7 39. Rb8 1-0

[Event "Confrontation IV 1988-89"]
[Site "Longueuil CAN"]
[Date "1989.02.03"]
[Round "4"]
[White "Charest, Johanne"]
[Black "Castillo, Anthony"]
[Result "1-0"]
[WhiteElo "1559"]
[BlackElo "1344"]
[PlyCount "35"]
[GameId "2160767912519834"]
[EventDate "1989.01.13"]
[EventType "tourn"]
[EventRounds "5"]
[EventCountry "CAN"]

1. e4 e5 2. Nf3 d6 3. Nc3 Nf6 4. Bc4 Be7 5. h3 Nc6 6. d4 O-O 7. Be3 exd4 8. Nxd4 Nb4 9. a3 d5 10. Bb3 c5 11. Nde2 d4 12. axb4 dxe3 13. bxc5 exf2+ 14. Kxf2 Bxc5+ 15. Ke1 Bb4 16. Kf1 Re8 17. Ba4 Re7 18. Qxd8+ 1-0

[Event "Confrontation IV 1988-89"]
[Site "Longueuil CAN"]
[Date "1989.02.10"]
[Round "5"]
[White "Hetu, Sylvain"]
[Black "Charest, Johanne"]
[Result "1-0"]
[WhiteElo "1573"]
[BlackElo "1559"]
[PlyCount "63"]
[GameId "2160767912519835"]
[EventDate "1989.01.13"]
[EventType "tourn"]
[EventRounds "5"]
[EventCountry "CAN"]

1. e4 e5 2. Nf3 Nc6 3. Bb5 a6 4. Ba4 b5 5. Bb3 Be7 6. a4 Bb7 7. O-O Nf6 8. Re1 d6 9. d3 h6 10. Nbd2 Qd7 11. h3 g5 12. Nh2 h5 13. Nhf3 g4 14. Ng5 d5 15. axb5 axb5 16. Rxa8+ Bxa8 17. exd5 Nxd5 18. hxg4 hxg4 19. Qxg4 f5 20. Qe2 f4 21. Ngf3 Bd6 22. Bxd5 Kd8 23. Bxc6 Qxc6 24. Qe4 Qa6 25. Qg6 Rf8 26. Nxe5 Qb7 27. Ndf3 Re8 28. Nf7+ Kd7 29. Qf5+ Kc6 30. Nd4+ Kb6 31. Qxb5+ Ka7 32. Qa5+ 1-0

[Event "Confrontation IV 1988-89"]
[Site "Longueuil CAN"]
[Date "1989.02.10"]
[Round "5"]
[White "Morin, Louis"]
[Black "Arsenault, Nicolas"]
[Result "1-0"]
[WhiteElo "1920"]
[BlackElo "1685"]
[PlyCount "94"]
[GameId "2160767912519836"]
[EventDate "1989.01.13"]
[EventType "tourn"]
[EventRounds "5"]
[EventCountry "CAN"]
[SourceTitle "hb 2013"]

1. e4 e5 2. Nf3 Nc6 3. Nc3 Nf6 4. Bb5 Nd4 5. Nxe5 Nxb5 6. Nxb5 c6 7. Nc3 Qe7 8. d4 d6 9. Nf3 Nxe4 10. O-O Nxc3 11. bxc3 Be6 12. Re1 Qd7 13. Ng5 Be7 14. Nxe6 fxe6 15. Qg4 Kf7 16. Qf4+ Bf6 17. Ba3 Rad8 18. Re3 Rhe8 19. Rae1 Kg8 20. Qg4 Kf7 21. Qh5+ Kg8 22. Qh3 e5 23. Qxd7 Rxd7 24. f4 e4 25. Rxe4 Rde7 26. Rxe7 Rxe7 27. Rxe7 Bxe7 28. c4 Kf7 29. d5 Kf6 30. Kf2 Kf5 31. Kf3 h5 32. g3 c5 33. Bb2 g5 34. fxg5 Bxg5 35. h3 a6 36. g4+ hxg4+ 37. hxg4+ Kg6 38. a4 Bh6 39. Bc3 Bg5 40. Be1 Bf6 41. Bg3 Be7 42. Bf4 b6 43. Ke4 a5 44. Bg3 Kg5 45. Kf3 Kh6 46. Kg2 Kg6 47. Kh3 Bf6 1-0

[Event "Confrontation V 1988-89"]
[Site "Longueuil CAN"]
[Date "1989.03.03"]
[Round "1"]
[White "Samson, Guy"]
[Black "Morin, Louis"]
[Result "1/2-1/2"]
[WhiteElo "1586"]
[BlackElo "1940"]
[PlyCount "96"]
[GameId "2160767912519619"]
[EventDate "1989.03.03"]
[EventType "swiss"]
[EventRounds "5"]
[EventCountry "CAN"]
[SourceTitle "hb 2013"]

1. e4 e5 2. Nf3 d6 3. d4 Nf6 4. Nc3 Nbd7 5. Be2 Be7 6. O-O O-O 7. h3 c6 8. b3 b5 9. a3 Bb7 10. Re1 a6 11. Bf1 Qc7 12. Bb2 Rfe8 13. g3 Bf8 14. Bg2 exd4 15. Nxd4 c5 16. Nf5 g6 17. Ne3 Bg7 18. Ncd5 Nxd5 19. Nxd5 Bxd5 20. Bxg7 Bxb3 21. cxb3 Kxg7 22. e5 Ra7 23. Qxd6 Rxe5 24. Qd3 Rxe1+ 25. Rxe1 Ne5 26. Qc3 f6 27. f4 Nf7 28. Re6 Qd8 29. Qxc5 Rc7 30. Rc6 Qd1+ 31. Kh2 Rxc6 32. Qxc6 Qd6 33. Qxd6 Nxd6 34. Bd5 Nf5 35. b4 Ne3 36. Bb7 Nc4 37. Bxa6 Nxa3 38. Kg2 Kf7 39. Kf3 Ke6 40. Ke4 Kd6 41. Kd4 Kc6 42. Kc3 Nc4 43. Bc8 Nd6 44. Be6 Ne4+ 45. Kd3 Nxg3 46. Bg8 h6 47. Bf7 Nf5 48. Bxg6 Ne7 1/2-1/2

[Event "Confrontation V 1988-89"]
[Site "Longueuil CAN"]
[Date "1989.03.10"]
[Round "2"]
[White "Charest, Johanne"]
[Black "Jette, Georges"]
[Result "0-1"]
[WhiteElo "1560"]
[BlackElo "1742"]
[PlyCount "78"]
[GameId "2160767912519620"]
[EventDate "1989.03.03"]
[EventType "swiss"]
[EventRounds "5"]
[EventCountry "CAN"]

1. e4 d6 2. d4 Nf6 3. Nc3 g6 4. Nf3 Bg7 5. h3 c5 6. d5 O-O 7. Bd3 Na6 8. a3 Nc7 9. O-O Rb8 10. Re1 b5 11. Rb1 e6 12. dxe6 Bxe6 13. b4 c4 14. Bf1 a6 15. Bb2 d5 16. exd5 Ncxd5 17. Nxd5 Bxd5 18. g3 Rb6 19. Bg2 Rd6 20. Be5 Rd7 21. Bf4 Nh5 22. Bg5 Qa8 23. g4 Nf6 24. Ne5 Bxg2 25. Nxd7 Nxd7 26. Qxd7 Bh1 27. f3 Qxf3 28. Qd2 Qxh3 29. Re2 Bf3 30. Rh2 Qxg4+ 31. Kf1 Re8 32. Be3 Be5 33. Re1 Bxh2 34. Qxh2 Qf5 35. Kg1 Re4 36. Bf2 Qg4+ 37. Kf1 Be2+ 38. Rxe2 Qxe2+ 39. Kg1 Rg4+ 0-1

[Event "Confrontation V 1988-89"]
[Site "Longueuil CAN"]
[Date "1989.03.10"]
[Round "2"]
[White "Morin, Louis"]
[Black "Hetu, Sylvain"]
[Result "0-1"]
[WhiteElo "1940"]
[BlackElo "1621"]
[PlyCount "75"]
[GameId "2160767912519621"]
[EventDate "1989.03.03"]
[EventType "swiss"]
[EventRounds "5"]
[EventCountry "CAN"]
[SourceTitle "hb 2013"]

1. e4 e6 2. d4 d5 3. e5 c5 4. Qg4 cxd4 5. Nf3 Nc6 6. Bd3 Qc7 7. Bf4 Nge7 8. O-O Ng6 9. Re1 Nxf4 10. Qxf4 f6 11. Nbd2 fxe5 12. Nxe5 Nxe5 13. Qxe5 Qxe5 14. Rxe5 Bd6 15. Ree1 Bb4 16. Rad1 Bd7 17. Re2 Bxd2 18. Rdxd2 Rc8 19. Bf5 Kf7 20. Bh3 g5 21. Rxd4 h5 22. g3 e5 23. Bxd7 exd4 24. Bxc8 Rxc8 25. h3 Re8 26. Rxe8 Kxe8 27. Kf1 Ke7 28. Ke2 Ke6 29. h4 gxh4 30. gxh4 Kf5 31. f3 Kf4 32. Kf2 a5 33. a4 b6 34. b3 d3 35. cxd3 d4 36. Kg2 Ke3 37. Kg3 Kxd3 38. Kf4 0-1

[Event "Confrontation V 1988-89"]
[Site "Longueuil CAN"]
[Date "1989.03.17"]
[Round "3"]
[White "Morin, Louis"]
[Black "Legault, Eric"]
[Result "1/2-1/2"]
[WhiteElo "1940"]
[BlackElo "1679"]
[PlyCount "91"]
[GameId "2160767912519622"]
[EventDate "1989.03.03"]
[EventType "swiss"]
[EventRounds "5"]
[EventCountry "CAN"]
[SourceTitle "hb 2013"]

1. e4 c5 2. d4 cxd4 3. c3 dxc3 4. Nxc3 Nc6 5. Nf3 d6 6. Bc4 e6 7. O-O Nf6 8. Qe2 a6 9. Rd1 Bd7 10. a3 Be7 11. Bf4 e5 12. Be3 O-O 13. Rac1 Be6 14. b4 Rc8 15. Nd5 Bxd5 16. Bxd5 Nxd5 17. Rxd5 b5 18. Rcd1 Qc7 19. g3 h6 20. Kg2 Nb8 21. Nh4 Bxh4 22. gxh4 Rfd8 23. Qg4 Kf8 24. Rxd6 Rxd6 25. Rxd6 Rd8 26. Bb6 Qxd6 27. Bc5 Qxc5 28. bxc5 Nc6 29. h5 Kg8 30. Qf5 a5 31. f4 exf4 32. Qxf4 Rd7 33. Qf5 Rd8 34. e5 Re8 35. Qd7 Re6 36. Qc8+ Kh7 37. Qb7 b4 38. Qxf7 Rxe5 39. Qg6+ Kg8 40. Qxc6 Rg5+ 41. Kf3 bxa3 42. Qa8+ Kh7 43. Qxa5 a2 44. Qxa2 Rxc5 45. Qb1+ Kg8 46. Qb8+ 1/2-1/2

[Event "Confrontation V 1988-89"]
[Site "Longueuil CAN"]
[Date "1989.03.17"]
[Round "3"]
[White "Samson, Guy"]
[Black "Charest, Johanne"]
[Result "0-1"]
[WhiteElo "1586"]
[BlackElo "1560"]
[PlyCount "122"]
[GameId "2160767912519623"]
[EventDate "1989.03.03"]
[EventType "swiss"]
[EventRounds "5"]
[EventCountry "CAN"]

1. e4 e5 2. Nf3 Nc6 3. Bb5 a6 4. Ba4 Nf6 5. O-O b5 6. Bb3 Be7 7. Re1 O-O 8. c3 d6 9. h3 Bb7 10. d4 h6 11. Nbd2 Re8 12. Nf1 Bf8 13. Ng3 Qd7 14. a4 Na5 15. Bc2 Nc4 16. b3 Nb6 17. a5 Nc8 18. Ba3 Na7 19. dxe5 dxe5 20. Nh5 Qe6 21. Nxf6+ Qxf6 22. Bxf8 Rxf8 23. Qd7 Bc8 24. Qxc7 Bxh3 25. Qxe5 Qg6 26. Nh4 Qg4 27. Re3 Rfe8 28. Qg3 Qxg3 29. Rxg3 Be6 30. f4 Rad8 31. f5 Bc8 32. f6 g6 33. Rf1 g5 34. Ng6 Rd2 35. Ne7+ Kf8 36. Bb1 Be6 37. Nd5 Nc6 38. Nc7 Red8 39. Nxe6+ fxe6 40. Rh3 Rd1 41. Bc2 R1d2 42. Bb1 Rd1 43. Ba2 R1d2 44. Bb1 Rd1 45. Ba2 R1d2 46. Ra1 Rd1+ 47. Rxd1 Rxd1+ 48. Kh2 Ra1 49. Rxh6 Rxa2 50. b4 Rc2 51. Rh8+ Kf7 52. Ra8 Rxc3 53. Rxa6 Nxb4 54. Rb6 Ra3 55. Rxb5 Nc6 56. Rxg5 Rxa5 57. Rxa5 Nxa5 58. g4 Kxf6 59. Kg3 Kg5 60. Kh3 Nc4 61. Kg3 Nd2 0-1

[Event "Confrontation V 1988-89"]
[Site "Longueuil CAN"]
[Date "1989.03.31"]
[Round "4"]
[White "Charest, Johanne"]
[Black "Chaput, Daniel"]
[Result "1-0"]
[WhiteElo "1560"]
[BlackElo "1451"]
[PlyCount "49"]
[GameId "2160767912519625"]
[EventDate "1989.03.03"]
[EventType "swiss"]
[EventRounds "5"]
[EventCountry "CAN"]

1. e4 c5 2. Nf3 d6 3. d4 cxd4 4. Nxd4 Nf6 5. Nc3 g6 6. Be2 Bg7 7. Be3 Nc6 8. Qd2 a6 9. f4 d5 10. e5 Ne4 11. Nxe4 dxe4 12. g4 Nxd4 13. Bxd4 f5 14. gxf5 Bxf5 15. Rd1 Rc8 16. Qb4 Qd7 17. c3 b5 18. a4 Qb7 19. axb5 e3 20. Rg1 Bc2 21. Rc1 Be4 22. Bxe3 O-O 23. h4 axb5 24. Bxb5 Bh6 25. Bc4+ 1-0

[Event "Confrontation V 1988-89"]
[Site "Longueuil CAN"]
[Date "1989.04.07"]
[Round "5"]
[White "Ayotte, Jocelyn"]
[Black "Morin, Louis"]
[Result "0-1"]
[WhiteElo "1530"]
[BlackElo "1940"]
[PlyCount "50"]
[GameId "2160767912519626"]
[EventDate "1989.03.03"]
[EventType "swiss"]
[EventRounds "5"]
[EventCountry "CAN"]
[SourceTitle "hb 2013"]

1. d4 d5 2. c4 e6 3. Nc3 c5 4. e3 Nf6 5. Nf3 Nc6 6. cxd5 exd5 7. Bd3 Be7 8. O-O O-O 9. b3 Bg4 10. Be2 Rc8 11. Bb2 Qa5 12. Qd3 a6 13. a3 Qc7 14. dxc5 Bxf3 15. Bxf3 Ne5 16. Qe2 Nxf3+ 17. Qxf3 Qxc5 18. Rac1 Rfd8 19. Rfd1 Qb6 20. Nxd5 Rxc1 21. Nxe7+ Kf8 22. Rxc1 Kxe7 23. Bd4 Qxb3 24. g3 Rxd4 25. exd4 Qxf3 0-1

[Event "Confrontation V 1988-89"]
[Site "Longueuil CAN"]
[Date "1989.04.07"]
[Round "5"]
[White "Bergeron, Steeve"]
[Black "Charest, Johanne"]
[Result "0-1"]
[WhiteElo "1882"]
[BlackElo "1560"]
[PlyCount "78"]
[GameId "2160767912519627"]
[EventDate "1989.03.03"]
[EventType "swiss"]
[EventRounds "5"]
[EventCountry "CAN"]

1. e4 e5 2. Nf3 Nc6 3. Bb5 a6 4. Ba4 Nf6 5. O-O Be7 6. Re1 b5 7. Bb3 O-O 8. c3 d6 9. h3 Na5 10. Bc2 c5 11. d4 exd4 12. cxd4 Re8 13. Nbd2 Bf8 14. Nf1 h6 15. d5 Nc4 16. b3 Ne5 17. Bb2 Ng6 18. N3h2 Bd7 19. g4 Nh7 20. Qf3 Ng5 21. Qg3 a5 22. f4 Nxf4 23. h4 Ngh3+ 24. Kh1 Rc8 25. Ne3 g5 26. hxg5 hxg5 27. Nf5 c4 28. Qc3 Nf2+ 29. Kg1 N2h3+ 30. Kf1 f6 31. Qxf6 Qxf6 32. Bxf6 cxb3 33. Bxb3 b4 34. a3 Bb5+ 35. Re2 Bxe2+ 36. Ke1 Rxe4 37. Ng3 Re3 38. Nxe2 Rxe2+ 39. Kd1 Nf2# 0-1

[Event "Croatia int."]
[Site "Mississauga CAN"]
[Date "1989.??.??"]
[Round "1"]
[White "Hulak, Krunoslav"]
[Black "Dlugy, Maxim"]
[Result "1/2-1/2"]
[WhiteElo "2515"]
[BlackElo "2570"]
[PlyCount "30"]
[GameId "2160767912519692"]
[EventDate "1989.03.??"]
[EventType "tourn"]
[EventRounds "11"]
[EventCountry "CAN"]
[EventCategory "8"]
[SourceTitle "EXT 89"]

1. d4 d5 2. Nf3 c5 3. dxc5 e6 4. c4 Bxc5 5. e3 dxc4 6. Qxd8+ Kxd8 7. Bxc4 Nf6 8. a3 a6 9. b4 Bd6 10. Bb2 b5 11. Bd3 Bb7 12. Nbd2 Nbd7 13. Ke2 Ke7 14. Rhg1 g5 15. h3 Rhg8 1/2-1/2

[Event "Croatia int."]
[Site "Mississauga CAN"]
[Date "1989.??.??"]
[Round "1"]
[White "Norwood, David"]
[Black "Stone, Raymond"]
[Result "1-0"]
[WhiteElo "2430"]
[BlackElo "2345"]
[PlyCount "59"]
[GameId "2160767912519694"]
[EventDate "1989.03.??"]
[EventType "tourn"]
[EventRounds "11"]
[EventCountry "CAN"]
[EventCategory "8"]
[SourceTitle "EXT 89"]

1. Nf3 Nf6 2. g3 d5 3. Bg2 Bf5 4. O-O e6 5. d3 Be7 6. Nbd2 O-O 7. Qe1 h6 8. e4 Bh7 9. Qe2 c6 10. b3 a5 11. a4 Na6 12. Bb2 Nb4 13. Ne1 c5 14. Kh1 Re8 15. f4 Qb6 16. e5 Nd7 17. g4 Rad8 18. Qf2 Nc6 19. Qg3 Rf8 20. Nef3 f6 21. g5 fxg5 22. fxg5 hxg5 23. Nxg5 Bxg5 24. Qxg5 Rxf1+ 25. Rxf1 Rf8 26. Rg1 g6 27. Nf3 Qd8 28. Qg3 Qe7 29. Bh3 d4 30. Bc1 1-0

[Event "Croatia int."]
[Site "Mississauga CAN"]
[Date "1989.??.??"]
[Round "3"]
[White "Hulak, Krunoslav"]
[Black "Stone, Raymond"]
[Result "1-0"]
[WhiteElo "2515"]
[BlackElo "2345"]
[PlyCount "69"]
[GameId "2160767912519699"]
[EventDate "1989.03.??"]
[EventType "tourn"]
[EventRounds "11"]
[EventCountry "CAN"]
[EventCategory "8"]
[SourceTitle "EXT 89"]

1. d4 Nf6 2. c4 e6 3. g3 d5 4. Bg2 dxc4 5. Qa4+ Bd7 6. Qxc4 Bc6 7. Nf3 Bd5 8. Qd3 Be4 9. Qd1 c5 10. Nbd2 Bc6 11. dxc5 Bxc5 12. O-O O-O 13. a3 Nbd7 14. b4 Be7 15. Qb3 Ne4 16. Nxe4 Bxe4 17. Bb2 Bf6 18. Bxf6 Nxf6 19. Rfd1 Qb6 20. Ne5 Bxg2 21. Kxg2 Rfd8 22. Qf3 Qb5 23. Nd3 Qd5 24. Rac1 Qxf3+ 25. Kxf3 Rac8 26. Nc5 Rxd1 27. Rxd1 b6 28. Nd3 Kf8 29. Ne5 Rc3+ 30. Rd3 Rc7 31. e4 Ne8 32. b5 f6 33. Nc6 e5 34. Rd8 Kf7 35. a4 1-0

[Event "Croatia int."]
[Site "Mississauga CAN"]
[Date "1989.??.??"]
[Round "5"]
[White "Norwood, David"]
[Black "Vranesic, Zvonko"]
[Result "1-0"]
[WhiteElo "2430"]
[BlackElo "2365"]
[PlyCount "75"]
[GameId "2160767912519706"]
[EventDate "1989.03.??"]
[EventType "tourn"]
[EventRounds "11"]
[EventCountry "CAN"]
[EventCategory "8"]
[SourceTitle "EXT 89"]

1. Nf3 Nf6 2. g3 b6 3. Bg2 Bb7 4. O-O e6 5. c4 Be7 6. d4 O-O 7. Bf4 d6 8. Qc1 Nbd7 9. Nc3 Ne4 10. Re1 Qc8 11. Bh3 Nxc3 12. Qxc3 f5 13. Qe3 Nb8 14. Rad1 Nc6 15. d5 Nd8 16. Bg5 Bf6 17. Qd2 Qd7 18. e4 g6 19. exf5 exf5 20. Bg2 Bxg5 21. Nxg5 Nf7 22. Ne6 Rfe8 23. Qd4 Ne5 24. f4 Ng4 25. h3 Nh6 26. Kf2 c5 27. Qc3 Re7 28. Bf3 Rf7 29. Re3 b5 30. b3 a5 31. g4 fxg4 32. hxg4 a4 33. Rh1 axb3 34. axb3 b4 35. Qb2 Nxg4+ 36. Bxg4 Rxf4+ 37. Nxf4 Qxg4 38. Ne2 1-0

[Event "Croatia int."]
[Site "Mississauga CAN"]
[Date "1989.??.??"]
[Round "6"]
[White "Stone, Raymond"]
[Black "Dlugy, Maxim"]
[Result "1-0"]
[WhiteElo "2345"]
[BlackElo "2570"]
[PlyCount "75"]
[GameId "2160767912519709"]
[EventDate "1989.03.??"]
[EventType "tourn"]
[EventRounds "11"]
[EventCountry "CAN"]
[EventCategory "8"]
[SourceTitle "EXT 89"]

1. c4 e5 2. Nc3 Nf6 3. Nf3 Nc6 4. e3 Bb4 5. Qc2 O-O 6. Nd5 Re8 7. Qf5 d6 8. Nxf6+ Qxf6 9. Qxf6 gxf6 10. a3 Bc5 11. b4 Bb6 12. Bb2 a5 13. b5 Nd8 14. Be2 a4 15. O-O-O c6 16. d4 cxb5 17. c5 dxc5 18. Bxb5 Re7 19. dxe5 fxe5 20. Nxe5 Bc7 21. Nd7 Bxd7 22. Rxd7 Rxd7 23. Bxd7 Ne6 24. Rd1 Nf8 25. Bf5 b6 26. Be4 Rb8 27. g3 c4 28. Bc6 b5 29. Rd5 b4 30. axb4 Rxb4 31. Kc2 Ne6 32. Bc3 Rb8 33. Bxa4 Bd8 34. Bd7 Ra8 35. Bxe6 fxe6 36. Rd4 Bf6 37. Rg4+ Kf7 38. Rf4 1-0

[Event "Croatia int."]
[Site "Mississauga CAN"]
[Date "1989.??.??"]
[Round "6"]
[White "Vranesic, Zvonko"]
[Black "Kovacevic, Vlatko"]
[Result "0-1"]
[WhiteElo "2365"]
[BlackElo "2545"]
[PlyCount "80"]
[GameId "2160767912519710"]
[EventDate "1989.03.??"]
[EventType "tourn"]
[EventRounds "11"]
[EventCountry "CAN"]
[EventCategory "8"]
[SourceTitle "EXT 89"]

1. d4 Nf6 2. c4 e6 3. Nc3 d5 4. Bg5 Bb4 5. cxd5 exd5 6. Nf3 h6 7. Bxf6 Qxf6 8. Qa4+ Nc6 9. e3 O-O 10. Be2 Bxc3+ 11. bxc3 b6 12. O-O Bb7 13. c4 dxc4 14. Qxc4 Rfe8 15. Rad1 Re7 16. Rd2 Rd8 17. Rfd1 Na5 18. Qb4 Bd5 19. Ne5 Qe6 20. Bf3 Bxf3 21. Nxf3 Red7 22. Rc1 c5 23. dxc5 Rxd2 24. Nxd2 Qxa2 25. Ne4 Nb3 26. Rf1 Nxc5 27. Nxc5 bxc5 28. Qxc5 a5 29. Qc7 Rd2 30. h4 Qd5 31. e4 Qd8 32. Qa7 Re2 33. Qb7 a4 34. Qb4 Qa8 35. Re1 Rxe1+ 36. Qxe1 a3 37. Qa1 a2 38. g3 Qa4 39. Kh2 Qc2 40. Qe5 Qxf2+ 0-1

[Event "Croatia int."]
[Site "Mississauga CAN"]
[Date "1989.??.??"]
[Round "7"]
[White "Kovacevic, Vlatko"]
[Black "Stone, Raymond"]
[Result "1-0"]
[WhiteElo "2545"]
[BlackElo "2345"]
[PlyCount "57"]
[GameId "2160767912519712"]
[EventDate "1989.03.??"]
[EventType "tourn"]
[EventRounds "11"]
[EventCountry "CAN"]
[EventCategory "8"]
[SourceTitle "EXT 89"]

1. d4 Nf6 2. Nf3 e6 3. e3 c5 4. Bd3 d5 5. b3 Nc6 6. O-O Bd6 7. Bb2 O-O 8. Nbd2 Qe7 9. Ne5 cxd4 10. exd4 Ba3 11. Qc1 Bxb2 12. Qxb2 Qc7 13. Rac1 Bd7 14. Rfe1 Rac8 15. Ndf3 Rfd8 16. h4 Be8 17. g3 Qa5 18. a3 Ne7 19. c4 dxc4 20. bxc4 Qc7 21. Bf1 Nc6 22. Bg2 Rb8 23. Red1 Nxe5 24. Nxe5 Nd7 25. Ng4 Nb6 26. Ne3 Nc8 27. d5 exd5 28. Nxd5 Rxd5 29. cxd5 1-0